| 000 | 00000nam##2200000za#4500 |
| 001 | 9.599479 |
| 003 | CaOODSP |
| 005 | 20240501092930 |
| 007 | cr ||||||||||| |
| 008 | 150406|1990||||xxc|||||o f|0| 0 fre|d |
| 040 | |aCaOODSP|bfre |
| 043 | |an-cn--- |
| 086 | 1 |aPS83-3/8F-PDF |
| 110 | 2 |aService correctionnel Canada. |
| 245 | 13|aLe questionnaire sur les stratégies de gestion des cas / |h[ressource électronique]|crédigé par D. A. Andrews, R. D. Hodge and D. Robinson. |
| 260 | |bService correctionnel Canada |cFévrier 1990. |
| 300 | |a45p.|btableaux |
| 490 | 1 |aRapport de recherche|vR-08 |
| 590 | |a10-09-Supp|b2010-11-02 |
| 720 | 1 |aRobinson, David |
| 720 | 1 |aAndrews, D. A. |
| 720 | 1 |aHodge, R. D. |
| 775 | 08|tCase management strategies survey / |w(CaOODSP)9.568186 |
| 830 | #0|aRapport de recherche (Service correctionnel Canada. Direction de la recherche)|vR-08|w(CaOODSP)9.502465 |
| 856 | 40|ahttp://publications.gc.ca|qPDF|s136 Ko|uhttps://publications.gc.ca/collections/collection_2010/scc-csc/PS83-3-8-fra.pdf|yR-08 |